Sudden Death: Misspellings #7 - Statistics

General Stats
  • This quiz has been taken 83 times
  • The average score is 7 of 16
Answers on the Grid
Answers color-coded by a green-red scale on the quiz's grid according to % correct below.
accommodate
afficianado
alltogether
antarctic
definitly
entreprenuer
exhilerating
exhorbitant
facsimile
gutteral
heinous
hiarchy
hors d'oeuvre
hypocrite
irascible
liesure
mathematics
momento
mortgage
mosquitos
newstand
omission
oscillate
prejudice
presumptous
psychiatrist
purile
releiving
roomate
scissors
tyranny
vegetable
 
Answer Stats
Answer % Correct
definitely definitly
82%
altogether alltogether
81%
hierarchy hiarchy
75%
leisure liesure
61%
relieving releiving
58%
roommate roomate
58%
entrepreneur entreprenuer
51%
exhilarating exhilerating
48%
aficionado afficianado
46%
memento momento
34%
exorbitant exhorbitant
33%
presumptuous presumptous
33%
newsstand newstand
27%
mosquitoes mosquitos
24%
guttural gutteral
21%
puerile purile
18%
No matching quizzes found
Score Distribution
Percent of People with Each Score
Percentile by Number Answered
Your Score History
You have not taken this quiz